| 000 | 00367nam a2200169Ia 4500 | ||
|---|---|---|---|
| 100 | _aStrum/Robert D/ Kirk/D.E | ||
| 650 | _aMatlab | ||
| 942 | _cBK | ||
| 366 | _f17.5 | ||
| 654 | _amatlab | ||
| 245 | _aContemporary Linear systems using MATLAB | ||
| 260 |
_bCengage Learning _c2000 |
||
| 082 |
_a3.74 _bSTR |
||
| 300 | _a673 | ||
| 546 | _aENGLISH | ||
| 999 |
_c27468 _d27468 |
||